000 00331nam a2200121Ia 4500
008 241018s9999 xx 000 0 und d
041 _aeng
082 _a330.9 DAL
100 _aDalio, Ray
245 _aPrinciples for dealing with the changing world order
260 _bAvid Reader Press
_aNew York
_c2021
300 _a557;. P. 23 cm
999 _c42707
_d42707